| 000 | 00380nam a2200133Ia 4500 | ||
|---|---|---|---|
| 008 | 170516s9999 xx 000 0 und d | ||
| 245 | _aDoxycycline Inducible Melanogenic Vaccinia Virus as Theranostic Anti-Cancer Agent | ||
| 260 | _bTheranostics | ||
| 260 | _c2015 | ||
| 300 | _a5:10 | ||
| 650 | _xMedical Technology | ||
| 650 | _xMedtech | ||
| 856 | _uhttp://www.thno.org/v5i10 | ||
| 999 |
_c330202 _d330202 |
||